48 'Unfinished' Broadway Songs Quiz Stats

 Plays Quiz Updated Jun 30, 2014

     
Support Sporcle.
Go Orange.
Score 0/48 Timer 08:00
1 Play Today
% Correct
of Life
93.7%
Matata
90.8%
the Sea
89.6%
Queen
87.8%
Dazzle
84.6%
Going on Seventeen
83.9%
Gravity
83.3%
Ev'ry Mountain
79.4%
That Jazz
79%
of the Night
76%
of Your World
75.8%
of Love
72%
Block Tango
71.8%
Morning Baltimore
70.3%
Be a Lady
70.1%
Money, Money
65.8%
of the House
65.1%
Unfortunate Souls
62.7%
Trouper
59.7%
on a Cloud
59.2%
Him Home
57.5%
Favorite Things
56.3%
of Music
55.9%
of Me
54.9%
% Correct
and a Peck
53.7%
Through Life
52%
a Little Bit Racist
50.9%
With the Fringe on Top
50.4%
Prepared
49.8%
to the 60's
47%
My Candle
46.7%
Me or Leave Me
45.4%
What a Beautiful Morning
42.5%
This Time
41.2%
in the Sky
40.6%
Will Listen
38%
Can't Stop the Beat
37.9%
Is This Feeling?
33.7%
Herr
32%
You Were Gay
31.2%
Midnight
30.4%
Tape
29.9%
Miracle Elixir
21.9%
Finch and Linnet Bird
19.9%
and the Cowman
19.7%
Belongs to Me
19.5%
Established
17.4%
Place Like London
11.7%

From the Vault

2 Words, Same 6 Letters II

by slipkid

Language 10m
We apologize in advance for any headaches you may acquire after taking this quiz.
Remove Ads.
Support Sporcle.
Get the best of Sporcle when you Go Orange. This ad-free experience offers more features, more stats, and more fun while also helping to support Sporcle. Thank you for becoming a member.

Show Comments

Extras

Top Quizzes Today


Score Distribution

Your Account Isn't Verified!

In order to create a playlist on Sporcle, you need to verify the email address you used during registration. Go to your Sporcle Settings to finish the process.

Report this User

Report this user for behavior that violates our Community Guidelines.

Details: